| 000 | 00662cam a22001815a 4500 | ||
|---|---|---|---|
| 001 | E155084 | ||
| 008 | 120228q1996 xxk f 000 0 eng d | ||
| 035 | _a(Sirsi) u155084 | ||
| 041 | 0 | _aeng | |
| 110 | 2 |
_aCheltenham & Gloucester _96018 |
|
| 245 | 0 | 0 | _aIdentification of non traditional housing |
| 260 |
_aGloucester _bCheltenham & Gloucester _c[1996] |
||
| 300 |
_a32p. _bill. _c21cm. |
||
| 520 | _aProvides an illustrated listing of non traditional housing types, and highlights common identifying features as well as internal and external features to look out for. | ||
| 651 | 4 |
_aUnited Kingdom _y |
|
| 690 | _aBuilding materials and defects | ||
| 942 | _n0 | ||
| 999 |
_c113314 _d113314 |
||